50 Automodelle aus Deutschland - Statistiken

Allgemein
  • Dieses Quiz wurde 362 mal gespielt
  • Das Durchschnittsergebnis liegt bei 25 aus 50
Antwortstatistiken
Marke Klasse Modell % Korrekt
Volkswagen Kompaktklasse Golf
94%
Volkswagen Kleinwagen Polo
84%
Audi Kompaktklasse A3
83%
Audi Mittelklasse A4
83%
Audi Kleinwagen A1
82%
Audi Obere Mittelklasse A6
81%
Mercedes Kompaktklasse A-Klasse
80%
Mercedes Mittelklasse C-Klasse
78%
Opel Kleinwagen Corsa
78%
Porsche Sportwagen 911
77%
Volkswagen Mittelklasse Passat
74%
Mercedes Obere Mittelklasse E-Klasse
72%
Opel Kompaktklasse Astra
69%
BMW Mittelklasse 3er
66%
Mini Kleinwagen Cooper
66%
BMW Obere Mittelklasse 5er
64%
Mercedes Geländewagen G-Klasse
64%
Porsche SUV Cayenne
63%
Audi SUV Q5
60%
Volkswagen Kompakt-SUV Tiguan
60%
BMW Kompaktklasse 1er
59%
Audi SUV Q7
59%
Mercedes Oberklasse S-Klasse
59%
Audi Crossover-SUV Q8
51%
Volkswagen Kleinstwagen Up
50%
Porsche Oberklasse Panamera
46%
BMW Kompakt-SUV X1
44%
Volkswagen Kompakt-SUV T-Roc
42%
Porsche SUV Macan
40%
Smart Kleinstwagen Fortwo
39%
Opel Kompakt-SUV Mokka
35%
Opel Kleinstwagen Adam
34%
Porsche Oberklasse E-Auto Taycan
34%
Smart Kleinwagen Forfour
32%
Audi E-Auto e-tron
30%
Mini SUV Countryman
29%
Mercedes SUV (obere Mittelklasse) GLE
28%
Opel Mittelklasse Insignia
28%
BMW Elektro-Kleinwagen i3
27%
BMW Obere Mittelklasse M5
26%
Volkswagen Mini-SUV T-Cross
26%
Opel Kompaktvan Zafira
26%
Volkswagen Mittelklasse Arteon
25%
Mercedes Kompakt-SUV GLA
25%
Opel SUV Grandland
19%
Opel Crossover-SUV Crossland
18%
Porsche Rennwagen 718
15%
Mercedes E-Auto EQS
15%
BMW E-SUV iX
15%
Mini E-SUV Aceman
2%
Keine übereinstimmenden Quizze gefunden
Verteilung der Resultate
Anzahl Personen mit jedem Resultat
Perzentil nach korrekt beantworteten Fragen
Ihre Resultats-Entwicklung
Sie haben dieses Quiz noch nicht gespielt